000 00404nam a2200169Ia 4500
008 230524s9999 xx 000 0 und d
020 _a8131704963
082 _a1.42
_bKUM
100 _aRanjit Kumar
_940622
245 0 _aResearch Methodology
250 _a2
260 _aNew Delhi
_bPearson
_c2006
300 _a"Xvii,327p;"
500 _aQuantity Number: 1
650 _aManagement
942 _cBK
999 _c54970
_d54970